[Event "Fast SC for NEW Members"]
[Site "SchemingMind.com"]
[Date "2006.12.04"]
[Round "-"]
[White "jankep"]
[Black "crevice"]
[Result "1-0"]
[WhiteCountry "POL"]
[BlackCountry "PAK"]
[WhiteElo "1975"]
[WhiteRD "102"]
[BlackElo "1347"]
[BlackRD "137"]
[GameID "80278"]

1. e4 e5 2. Nf3 Nc6 3. Bc4 Bc5 4. c3 a6 5. d4 Bd6 6. dxe5 Nxe5 7. Nxe5 Bxe5 8. Bxf7+ Kxf7 9. Qd5+ Kf8 10. Qxe5 d6
11. Qf4+ Qf6 12. O-O Ne7 13. Qxf6+ gxf6 14. Bf4 Rg8 15. Nd2 Ng6 16. Bg3 Bd7 17. c4 Kf7 18. c5 Ne5 19. cxd6 cxd6 20. f4 Nd3
21. Nc4 Bc6 22. Rad1
1-0

[Event "Fast SC for NEW Members"]
[Site "SchemingMind.com"]
[Date "2006.12.04"]
[Round "-"]
[White "crevice"]
[Black "jankep"]
[Result "0-1"]
[WhiteCountry "PAK"]
[BlackCountry "POL"]
[WhiteElo "1347"]
[WhiteRD "137"]
[BlackElo "1975"]
[BlackRD "102"]
[GameID "80279"]

1. e4 e6 2. d4 d5 3. exd5 exd5 4. Nf3 Nf6 5. Be2 Bd6 6. Bg5 O-O 7. O-O h6 8. Bh4 Re8 9. Nc3 Be6 10. Ne5 c6
11. f4 Qb6 12. Bxf6 gxf6 13. Ng4 Bxg4 14. Bxg4 Qxb2 15. Qd2 Bb4 16. Rab1 Qxc3 17. Qd1 b5 18. Rb3 Qd2 19. Qxd2 Bxd2 20. Bh5 Be3+
21. Kh1 Bxd4
0-1

[Event "Fast SC for NEW Members"]
[Site "SchemingMind.com"]
[Date "2006.12.05"]
[Round "-"]
[White "Nickodemus"]
[Black "jankep"]
[Result "0-1"]
[WhiteCountry "IRL"]
[BlackCountry "POL"]
[WhiteElo "1615"]
[WhiteRD "132"]
[BlackElo "1977"]
[BlackRD "93"]
[GameID "80429"]

1. d4 g6 2. c4 Bg7 3. Nc3 Nf6 4. e4 O-O 5. Be2 d6 6. Bg5 c5 7. dxc5 Qa5 8. Bxf6 Bxf6 9. cxd6 Bxc3+ 10. bxc3 Qxc3+
11. Kf1 exd6 12. Rc1 Qf6 13. Nf3 Nc6 14. g3 Re8 15. Qc2 Bh3+ 16. Kg1 Re7 17. Nd2 Nd4 18. Qd3 Nxe2+ 19. Qxe2 Qb2 20. Rb1 Qxa2
21. Rxb7 Rxb7
0-1

[Event "Fast SC for NEW Members"]
[Site "SchemingMind.com"]
[Date "2006.12.05"]
[Round "-"]
[White "Nickodemus"]
[Black "crevice"]
[Result "1-0"]
[WhiteCountry "IRL"]
[BlackCountry "PAK"]
[WhiteElo "1615"]
[WhiteRD "132"]
[BlackElo "1280"]
[BlackRD "93"]
[GameID "80430"]

1. e4 e5 2. Nf3 Nc6 3. Bc4 Nf6 4. d3 Be7 5. O-O a6 6. Nc3 Na5 7. Nxe5 O-O 8. f4 d6 9. Nf3 Be6 10. Bb3 c5
11. Nd5 Bxd5 12. Bxd5 Nxd5 13. exd5 b5 14. Bd2 b4 15. b3 Qb6 16. Kh1 Bf6 17. Rb1 Rfe8 18. Re1 Nb7 19. Rxe8+ Rxe8 20. Qf1 a5
21. Re1 Qd8 22. Rxe8+ Qxe8 23. Qe1 Qxe1+ 24. Bxe1 h6 25. Bf2 Nd8 26. Nd2 g5 27. fxg5 Bxg5 28. Nc4 Nb7 29. Bg3 Kf8 30. Bxd6+
1-0

[Event "Fast SC for NEW Members"]
[Site "SchemingMind.com"]
[Date "2006.12.05"]
[Round "-"]
[White "jankep"]
[Black "Nickodemus"]
[Result "1-0"]
[WhiteCountry "POL"]
[BlackCountry "IRL"]
[WhiteElo "1977"]
[WhiteRD "93"]
[BlackElo "1615"]
[BlackRD "132"]
[GameID "80431"]

1. e4 Nf6 2. e5 Nd5 3. d4 d6 4. Nf3 Bg4 5. Be2 c6 6. O-O Bxf3 7. Bxf3 dxe5 8. dxe5 e6 9. b3 Nd7 10. Bb2 Qc7
11. Re1 Ne7 12. Qd6 Qxd6 13. exd6 Nc8 14. Bh5 e5 15. Bxe5 Nxe5 16. Rxe5+ Kd7 17. Bxf7 Bxd6 18. Re2 Nb6 19. Nc3 Rhf8 20. Be6+ Kc7
21. a4 Rae8 22. Rd1 Rf6 23. Bg4 Ref8 24. Ne4 Rf4 25. Nxd6
1-0

[Event "Fast SC for NEW Members"]
[Site "SchemingMind.com"]
[Date "2006.12.06"]
[Round "-"]
[White "crevice"]
[Black "Nickodemus"]
[Result "0-1"]
[WhiteCountry "PAK"]
[BlackCountry "IRL"]
[WhiteElo "1280"]
[WhiteRD "93"]
[BlackElo "1615"]
[BlackRD "132"]
[GameID "80432"]

1. e4 c5 2. Nf3 Nc6 3. d4 cxd4 4. Nxd4 e5 5. Nb3 Nf6 6. Bd3 d5 7. Bg5 d4 8. N1d2 Be7 9. O-O Nd7 10. Bxe7 Qxe7
11. f4 f6 12. f5 b6 13. Bc4 Bb7 14. Qh5+ Kd8 15. Rf3 Kc7 16. Bd5 Nb4 17. Bxb7 Kxb7 18. c3 dxc3 19. Rxc3 h6 20. a3 Na6
21. Qe2 Nac5 22. Nxc5+ Nxc5 23. Rac1 Rac8 24. Nb3 Nxb3 25. Rxc8 Rxc8 26. Rxc8 Kxc8 27. Kh1 Qc5
0-1

[Event "Fast SC for NEW Members"]
[Site "SchemingMind.com"]
[Date "2006.12.12"]
[Round "-"]
[White "flask_of_lettuce"]
[Black "crevice"]
[Result "1-0"]
[WhiteCountry "AUS"]
[BlackCountry "PAK"]
[WhiteElo "1535"]
[WhiteRD "211"]
[BlackElo "1347"]
[BlackRD "137"]
[GameID "81684"]

1. e4 e5 2. f4 exf4 3. Bc4 d6 4. Nf3 Be6 5. Bxe6 fxe6 6. d4 g5 7. h4 Bh6 8. Nxg5 Bxg5 9. Qh5+ Kd7 10. hxg5 Ne7
11. Bxf4 Ng6 12. Be3 Nc6 13. Nc3 Qe7 14. O-O-O Raf8 15. Rdf1 Qg7 16. Ne2 Qg8 17. Rf3 Nb4 18. a3 Nc6 19. Rhf1 Rxf3 20. gxf3 b6
21. f4
1-0

[Event "Fast SC for NEW Members"]
[Site "SchemingMind.com"]
[Date "2006.12.12"]
[Round "-"]
[White "jankep"]
[Black "flask_of_lettuce"]
[Result "1-0"]
[WhiteCountry "POL"]
[BlackCountry "AUS"]
[WhiteElo "1977"]
[WhiteRD "93"]
[BlackElo "1303"]
[BlackRD "147"]
[GameID "81686"]

1. e4 c5 2. b4 cxb4 3. d4 d5 4. e5 Nc6 5. a3 Qb6 6. Be3 Bf5 7. Bd3 Bxd3 8. Qxd3 e6 9. a4 g6 10. Nf3 Nge7
11. O-O Bg7 12. Bg5 O-O 13. Nbd2 Nf5 14. Nb3 Rac8 15. a5 Qc7 16. Rfe1 b6 17. axb6 axb6 18. Qd2 Na5 19. Qxb4 Qxc2 20. Nxa5 bxa5
21. Qxa5 Rb8 22. Rec1
1-0

[Event "Fast SC for NEW Members"]
[Site "SchemingMind.com"]
[Date "2006.12.12"]
[Round "-"]
[White "crevice"]
[Black "flask_of_lettuce"]
[Result "0-1"]
[WhiteCountry "PAK"]
[BlackCountry "AUS"]
[WhiteElo "1347"]
[WhiteRD "137"]
[BlackElo "1535"]
[BlackRD "211"]
[GameID "81687"]

1. e4 c5 2. Nf3 d6 3. d4 cxd4 4. Nxd4 Nf6 5. Bb5+ Bd7 6. Qe2 a6 7. Bd3 Nc6 8. Be3 e6 9. Nc3 Be7 10. Nxc6 Bxc6
11. f3 O-O 12. O-O-O b5 13. e5 Nd5 14. Nxd5 Bxd5 15. b3 Qa5 16. Kb2 dxe5 17. Bd2 b4 18. f4 exf4 19. Bxf4 Qb6 20. Bc1 a5
21. Qh5 Bf6+ 22. Kb1 g6 23. Qe2 Qd4 24. c3 bxc3 25. Bc2 Qb4 26. Qf2 Bg7 27. h4 a4 28. Rxd5 exd5 29. a3 Qd6 30. h5 d4
31. b4 d3
0-1

[Event "Fast SC for NEW Members"]
[Site "SchemingMind.com"]
[Date "2006.12.13"]
[Round "-"]
[White "chessleon"]
[Black "Nickodemus"]
[Result "1-0"]
[WhiteCountry "NED"]
[BlackCountry "IRL"]
[WhiteElo "1651"]
[WhiteRD "106"]
[BlackElo "1615"]
[BlackRD "132"]
[GameID "81711"]

1. c4 Nf6 2. Nf3 g6 3. g3 Bg7 4. Bg2 O-O 5. d4 d6 6. Nc3 Nbd7 7. e4 e5 8. d5 Nc5 9. Qe2 a5 10. a3 a4
11. Be3 Nfd7 12. O-O f5 13. Qd2 fxe4 14. Ng5 Nb3 15. Qe2 Nxa1 16. Rxa1 Bh6 17. Ne6 Qf6 18. Bxh6
1-0

[Event "Fast SC for NEW Members"]
[Site "SchemingMind.com"]
[Date "2006.12.12"]
[Round "-"]
[White "chessleon"]
[Black "jankep"]
[Result "0-1"]
[WhiteCountry "NED"]
[BlackCountry "POL"]
[WhiteElo "1437"]
[WhiteRD "195"]
[BlackElo "1975"]
[BlackRD "102"]
[GameID "81712"]

1. c4 Nf6 2. Nf3 e6 3. g3 d5 4. d4 c5 5. Bg2 Nc6 6. Nc3 Be7 7. cxd5 Nxd5 8. e4 Ndb4 9. d5 Nd4 10. Nxd4 cxd4
11. Na4 d3 12. O-O exd5 13. exd5 O-O 14. Be3 Re8 15. a3 Nc2 16. Rc1 Nxe3 17. fxe3 Bg5 18. Rc3 Bxe3+ 19. Kh1 Bd7 20. Rxd3 Bb5
21. Rxe3 Rxe3 22. Rf4 Qe8 23. Qd4 Re1+ 24. Bf1 Bxf1 25. Kg1 Bh3+ 26. Kf2 Rf1#
0-1

[Event "Fast SC for NEW Members"]
[Site "SchemingMind.com"]
[Date "2006.12.12"]
[Round "-"]
[White "chessleon"]
[Black "crevice"]
[Result "1/2-1/2"]
[WhiteCountry "NED"]
[BlackCountry "PAK"]
[WhiteElo "1651"]
[WhiteRD "106"]
[BlackElo "1280"]
[BlackRD "93"]
[GameID "81713"]

1. e4 e5 2. Nf3 Nc6 3. Bb5 Nge7 4. c3 a6 5. Ba4 d6 6. h3 Bd7 7. O-O Ng6 8. d4 b5 9. Bb3 Be7 10. Re1 O-O
11. Nbd2 Qc8 12. Nf1 Kh8 13. Ng3 Bxh3 14. gxh3 Qxh3 15. Nf5 Rab8 16. Nxe7 Ncxe7 17. Ng5 Qh4 18. Qf3 h6 19. Nh3 f5 20. Qg3 Qf6
21. dxe5 dxe5 22. Bc2 f4 23. Qg4 Kh7 24. f3 Rh8 25. Re2 Kg8 26. Bb3+ Kf8 27. Qe6 Qxe6 28. Bxe6 Nh4 29. Kf2 Rb6 30. Bb3 Rg6
31. Re1 Rg3 32. Ng1 Neg6 33. Bd2 Rg2+ 34. Kf1 Rxd2 35. Rad1 Rxd1 36. Rxd1 Ke7 37. Rd5 Rd8 38. a4 c6 39. Rxd8 Kxd8 40. Kf2 Ne7
41. axb5 axb5 42. c4 bxc4 43. Bxc4 Kc7 44. Ne2 Kb6 45. Nc3 Ka5 46. b3 Kb4 47. Na4 Nc8 48. Be6 Nd6 49. Nb6 Kc5 50. Nd7+ Kd4
51. Nb8 Kc5 52. Nd7+ Kd4 53. Nb8 Kc5=
1/2-1/2

[Event "Fast SC for NEW Members"]
[Site "SchemingMind.com"]
[Date "2006.12.12"]
[Round "-"]
[White "chessleon"]
[Black "flask_of_lettuce"]
[Result "1-0"]
[WhiteCountry "NED"]
[BlackCountry "AUS"]
[WhiteElo "1437"]
[WhiteRD "195"]
[BlackElo "1535"]
[BlackRD "211"]
[GameID "81714"]

1. e4 c5 2. Nf3 d6 3. d4 cxd4 4. Nxd4 Nf6 5. Nc3 a6 6. Bg5 e6 7. f4 Qb6 8. Qd2 Qxb2 9. Rb1 Qa3 10. e5 dxe5
11. fxe5 Nfd7 12. Rb3 Qa5 13. Nf3 Bb4 14. Bd3 Nc5 15. Rxb4
1-0

[Event "Fast SC for NEW Members"]
[Site "SchemingMind.com"]
[Date "2006.12.14"]
[Round "-"]
[White "Nickodemus"]
[Black "chessleon"]
[Result "1-0"]
[WhiteCountry "IRL"]
[BlackCountry "NED"]
[WhiteElo "1648"]
[WhiteRD "125"]
[BlackElo "1633"]
[BlackRD "96"]
[GameID "81715"]

1. e4 c5 2. c3 d5 3. exd5 Qxd5 4. d4 Nc6 5. Nf3 Bg4 6. Be2 e6 7. Be3 cxd4 8. cxd4 Bb4+ 9. Nc3 Nf6 10. O-O Bxc3
11. bxc3 O-O 12. c4 Qd8 13. Qc2 Bxf3 14. Bxf3 Nxd4 15. Bxd4 Qxd4 16. Bxb7 Rab8 17. Rab1 Qd7 18. Ba6 Rxb1 19. Qxb1 Qc7 20. Qc2 Ng4
21. g3 Qb6 22. Bb5 Rc8 23. Rd1 h6 24. Rd7 Qxb5 25. Rd8+ Rxd8 26. cxb5 Nf6 27. Qc7 Rd7 28. Qc8+ Kh7 29. a4 Rd1+ 30. Kg2 Rd2
31. Qc7 Rd7 32. Qb8 Nd5 33. a5 Rc7 34. b6 axb6 35. axb6 Rc2 36. b7 Ne3+ 37. Kf3 Nd1 38. Qa7 Rxf2+ 39. Qxf2
1-0

[Event "Fast SC for NEW Members"]
[Site "SchemingMind.com"]
[Date "2006.12.12"]
[Round "-"]
[White "jankep"]
[Black "chessleon"]
[Result "1-0"]
[WhiteCountry "POL"]
[BlackCountry "NED"]
[WhiteElo "1975"]
[WhiteRD "102"]
[BlackElo "1437"]
[BlackRD "195"]
[GameID "81716"]

1. Nc3 d5 2. e4 dxe4 3. Nxe4 Bf5 4. d3 Nd7 5. Qf3 Bg6 6. Bd2 Ngf6 7. Nxf6+ Nxf6 8. Qxb7 Rb8 9. Qxa7 Rxb2 10. Qa4+ Nd7
11. Nf3 e6 12. Be2 f6 13. Nd4 Rb6 14. O-O Bc5 15. Nc6 Qc8 16. d4 Bd6 17. Bb5 Rxb5 18. Qxb5 O-O 19. Bb4 Be4 20. Bxd6 cxd6
21. Ne7+
1-0

[Event "Fast SC for NEW Members"]
[Site "SchemingMind.com"]
[Date "2006.12.12"]
[Round "-"]
[White "crevice"]
[Black "chessleon"]
[Result "1/2-1/2"]
[WhiteCountry "PAK"]
[BlackCountry "NED"]
[WhiteElo "1347"]
[WhiteRD "137"]
[BlackElo "1437"]
[BlackRD "195"]
[GameID "81717"]

1. e4 c5 2. Nf3 d6 3. d4 cxd4 4. Nxd4 Nf6 5. Nc3 a6 6. Bg5 e6 7. f4 Qb6 8. Nb3 Qe3+ 9. Qe2 Qxe2+ 10. Bxe2 Be7
11. O-O-O O-O 12. e5 dxe5 13. fxe5 Nd5 14. Bxe7 Nxe7 15. g4 Nbc6 16. h4 f5 17. exf6 Rxf6 18. g5 Rf4 19. h5 e5 20. Rdf1 Rxf1+
21. Rxf1 Nd4 22. Bc4+ Be6 23. Bxe6+ Nxe6 24. Ne4 Nc6=
1/2-1/2

[Event "Fast SC for NEW Members"]
[Site "SchemingMind.com"]
[Date "2006.12.12"]
[Round "-"]
[White "flask_of_lettuce"]
[Black "chessleon"]
[Result "0-1"]
[WhiteCountry "AUS"]
[BlackCountry "NED"]
[WhiteElo "1303"]
[WhiteRD "147"]
[BlackElo "1651"]
[BlackRD "106"]
[GameID "81718"]

1. e4 c5 2. Nf3 d6 3. d4 cxd4 4. Nxd4 Nf6 5. Nc3 a6 6. Bc4 e6 7. Bb3 b5 8. O-O b4 9. Na4 Be7 10. f4 Nxe4
11. f5 exf5 12. Nxf5 Bxf5 13. Rxf5 Nf6 14. Bg5 O-O 15. Qf3 Nbd7 16. g4 Ne5 17. Qg3 Ne4 18. Bxe7 Qxe7
0-1

[Event "Fast SC for NEW Members"]
[Site "SchemingMind.com"]
[Date "2006.12.13"]
[Round "-"]
[White "Vladimir Kramnik"]
[Black "Nickodemus"]
[Result "1-0"]
[WhiteCountry "RUS"]
[BlackCountry "IRL"]
[WhiteElo "1826"]
[WhiteRD "112"]
[BlackElo "1611"]
[BlackRD "119"]
[GameID "81793"]

1. e4 c5 2. Nf3 Nc6 3. d4 cxd4 4. Nxd4 e5 5. Nb5 d6 6. N1c3 a6 7. Na3 b5 8. Nd5 Nf6 9. c4 Nxd5 10. exd5 Nd4
11. cxb5 Be7 12. Be3 Qa5+ 13. Qd2 Qxd2+ 14. Kxd2 Nxb5 15. Nxb5 axb5 16. Bxb5+ Kf8 17. Rhc1 Bb7 18. Bc6 Bxc6 19. Rxc6 g6 20. Bh6+ Ke8
21. a3 Kd7 22. Rac1 Rhc8 23. Rxc8 Rxc8 24. Rxc8 Kxc8 25. Be3 f5 26. f3 Bd8 27. b4 Kb7 28. Kc3 Ka6 29. Kc4 h5 30. a4 g5
31. Bd2 Bb6 32. Bxg5 f4 33. g3 fxg3 34. hxg3 Bf2 35. Bh4 Kb6 36. b5 Ka5 37. Kb3 Kb6 38. Kc4 Ka5 39. Bd8+
1-0

[Event "Fast SC for NEW Members"]
[Site "SchemingMind.com"]
[Date "2006.12.13"]
[Round "-"]
[White "Vladimir Kramnik"]
[Black "chessleon"]
[Result "1-0"]
[WhiteCountry "RUS"]
[BlackCountry "NED"]
[WhiteElo "1712"]
[WhiteRD "131"]
[BlackElo "1651"]
[BlackRD "106"]
[GameID "81794"]

1. e4 c5 2. Nf3 d6 3. d4 cxd4 4. Nxd4 Nf6 5. Nc3 a6 6. Be3 e6 7. Be2 Be7 8. O-O O-O 9. f4 Qc7 10. Bf3 e5
11. Nde2 Ng4 12. Bxg4 Bxg4 13. Nd5 Qd8 14. Bb6 Qc8 15. Nxe7+
1-0

[Event "Fast SC for NEW Members"]
[Site "SchemingMind.com"]
[Date "2006.12.12"]
[Round "-"]
[White "Vladimir Kramnik"]
[Black "jankep"]
[Result "1/2-1/2"]
[WhiteCountry "RUS"]
[BlackCountry "POL"]
[WhiteElo "1712"]
[WhiteRD "131"]
[BlackElo "1977"]
[BlackRD "93"]
[GameID "81795"]

1. e4 e6 2. d4 d5 3. exd5 exd5 4. Bb5+ Bd7 5. Bd3 Bd6 6. Nf3 Qe7+ 7. Qe2 Qxe2+ 8. Bxe2 Ne7 9. c3 O-O 10. Na3 c6
11. Nc2 Re8 12. O-O Ng6=
1/2-1/2

[Event "Fast SC for NEW Members"]
[Site "SchemingMind.com"]
[Date "2006.12.12"]
[Round "-"]
[White "Vladimir Kramnik"]
[Black "crevice"]
[Result "1-0"]
[WhiteCountry "RUS"]
[BlackCountry "PAK"]
[WhiteElo "1712"]
[WhiteRD "131"]
[BlackElo "1280"]
[BlackRD "93"]
[GameID "81796"]

1. c4 c5 2. Nc3 g6 3. g3 Bg7 4. Bg2 e6 5. Nb5 a6 6. Nd6+ Kf8 7. Nxb7 Qc7 8. Nxc5 Nc6 9. e3 d6 10. Nb3 Bb7
11. Nf3 Nb4 12. d3 d5 13. Qd2 a5 14. a3 Na6 15. Qxa5 Qd6 16. Nfd4 Nc7 17. Qc5 Qxc5 18. Nxc5 Bc8 19. cxd5 exd5 20. Bd2 Ne7
21. Bc3
1-0

[Event "Fast SC for NEW Members"]
[Site "SchemingMind.com"]
[Date "2006.12.13"]
[Round "-"]
[White "Nickodemus"]
[Black "Vladimir Kramnik"]
[Result "1/2-1/2"]
[WhiteCountry "IRL"]
[BlackCountry "RUS"]
[WhiteElo "1615"]
[WhiteRD "132"]
[BlackElo "1712"]
[BlackRD "131"]
[GameID "81798"]

1. e4 e5 2. Nf3 Nf6 3. Nxe5 d6 4. Nf3 Nxe4 5. d3 Nf6 6. d4 Be7 7. Nc3 O-O 8. Bc4 d5 9. Bb3 Re8 10. O-O Na6=
1/2-1/2

[Event "Fast SC for NEW Members"]
[Site "SchemingMind.com"]
[Date "2006.12.13"]
[Round "-"]
[White "chessleon"]
[Black "Vladimir Kramnik"]
[Result "1/2-1/2"]
[WhiteCountry "NED"]
[BlackCountry "RUS"]
[WhiteElo "1651"]
[WhiteRD "106"]
[BlackElo "1712"]
[BlackRD "131"]
[GameID "81799"]

1. c4 e5 2. Nc3 Nf6 3. g3 Bc5 4. e3 Nc6 5. Bg2 Nb4 6. d3 O-O 7. a3 Na6 8. Nge2 Be7 9. O-O c6 10. b4 Nc7
11. Bb2 d5= 12. Qb3 Re8 13. a4=
1/2-1/2

[Event "Fast SC for NEW Members"]
[Site "SchemingMind.com"]
[Date "2006.12.13"]
[Round "-"]
[White "jankep"]
[Black "Vladimir Kramnik"]
[Result "1/2-1/2"]
[WhiteCountry "POL"]
[BlackCountry "RUS"]
[WhiteElo "1977"]
[WhiteRD "93"]
[BlackElo "1712"]
[BlackRD "131"]
[GameID "81800"]

1. d4 d5 2. Nf3 Nf6 3. e3 e6 4. c3 Bd6 5. Bb5+ c6 6. Bd3 O-O 7. Nbd2 Nbd7 8. O-O c5 9. Re1 c4 10. Bc2 Qc7=
1/2-1/2

[Event "Fast SC for NEW Members"]
[Site "SchemingMind.com"]
[Date "2006.12.12"]
[Round "-"]
[White "crevice"]
[Black "Vladimir Kramnik"]
[Result "0-1"]
[WhiteCountry "PAK"]
[BlackCountry "RUS"]
[WhiteElo "1280"]
[WhiteRD "93"]
[BlackElo "1712"]
[BlackRD "131"]
[GameID "81801"]

1. e4 c6 2. c4 d5 3. exd5 cxd5 4. cxd5 Nf6 5. Qf3 Nxd5 6. Bc4 e6 7. Nc3 Nb4 8. Bb3 N8c6 9. Nge2 Nd3+ 10. Kf1 Bc5
11. Ne4 Be7 12. N2c3 O-O 13. g3 f5 14. Ng5 Bxg5 15. h4 Bf6 16. h5 Ncb4 17. a3 Nxc1 18. Rxc1 Qd3+ 19. Qxd3 Nxd3
0-1